Nevěrné milenky /

Hlavní autor: Parker, Robert B., 1932-2010
Další autoři: Wolfová, Zora, 1928-2012
Jazyk: Čeština
Vydáno: Praha : BB art, 2002
Vydání: 1. vyd. v českém jazyce.
Témata:
Fyzický popis: 247 s.
Knihy
Uloženo v:
LEADER 01092nam a2200325 a 4500
001 000599865
003 CZ BrMZK
005 20190815083549.0
008 020513s2002 xr e f cze d
015 |a cnb000891183 
020 |a 80-7257-679-8 
035 |a (OCoLC)51190557 
040 |a BOA001  |b cze 
041 1 |a cze  |h eng 
072 7 |a 821.111(73)-3  |x Americká próza  |2 Konspekt  |9 25 
080 |a 821.111(73)-31  |2 MRF 
080 |a (0:82-312.4)  |2 MRF 
086 |2 CZ 
100 1 |a Parker, Robert B.,  |d 1932-2010  |7 jn19990006375 
245 1 0 |a Nevěrné milenky /  |c Robert B. Parker ; [z anglického originálu] přeložila Zora Wolfová 
250 |a 1. vyd. v českém jazyce. 
260 |a Praha :  |b BB art,  |c 2002 
300 |a 247 s. 
655 7 |a americké romány  |7 fd131796  |2 czenas 
655 7 |a detektivní romány  |7 fd132010  |2 czenas 
700 1 |a Wolfová, Zora,  |d 1928-2012  |7 jk01151786  |4 trl 
765 0 |t Perish twice  |9 Česky 
910 |a BOA001  |b 2-1101.492 
990 |a BK 
996 6 |b 2610161046  |c 2-1101.492  |l MZK  |r Sklad / do 1 hodiny  |n 1  |p p.v.  |w 000599865  |u 000010  |a 1  |e BOA001  |j MZK50  |s P